Embranchements du règne des plantes - Statistiques

Statistiques générales
  • Ce quiz a été pris 13 fois
  • Le résultat moyen est 3 sur 8
Statistiques - réponses
Embranchements du règne des plantes % Correct
Bryophyta
75%
Tracheophyta
50%
Anthocerophyta
25%
Charophyta
25%
Chlorophyta
25%
Marchantiophyta
25%
Rhodophyta
25%
Glaucophyta
0%
Aucun quiz correspondant
Distribution des résultats
% des personnes avec chaque résultat
Percentile par nombre de réponses
Votre historique - résultats
Vous n’avez pas pris ce quiz